[Event "Tres Cantos op 10th"]
[Site "Tres Cantos"]
[Date "2018.06.28"]
[Round "8.36"]
[White "Limache Toledo, Piero Jose Carlos"]
[Black "Martinez Miura, Enrique"]
[Result "1/2-1/2"]
[WhiteElo "1487"]
[BlackElo "1635"]
[PlyCount "59"]
[EventDate "2018.06.21"]
[EventType "swiss"]
[EventRounds "9"]
[EventCountry "ESP"]
[SourceTitle "EXT 2024"]
[Source "ChessBase"]
[SourceDate "2023.10.10"]
[SourceVersion "1"]
[SourceVersionDate "2023.10.10"]
[SourceQuality "1"]

1. c4 c6 2. g3 d5 3. cxd5 cxd5 4. Nf3 Nc6 5. Bg2 Nf6 6. 0-0 g6 7. d3 Bg7 8. Bg5 0-0 9. Qd2 b6 10. Bh6 Bb7 11. Bxg7 Kxg7 12. Nc3 a6 13. Rac1 Rc8 14. Na4 Kg8 15. Bh3 e6 16. Qh6 Kh8 17. Ng5 Ne7 18. Rxc8 Bxc8 19. e4 Neg8 20. Qh4 dxe4 21. dxe4 Qd4 22. Nxb6 Qxb6 23. e5 Qxb2 24. exf6 Nxf6 25. Qh6 Kg8 26. Bg2 Bb7 27. h4 Bxg2 28. Kxg2 Qxa2 29. h5 Qd5+ 30. f3 1/2-1/2